Normal view MARC view
  • Estay Niculcar, Christian A.

Entry Nombre Personal

Number of records used in: 1

001 - NUMERO DE CONTROL

  • campo de control: 50019

003 - IDENTIFICADOR DE NUMERO DE CONTROL

  • campo de control: UPN

005 - FECHA Y HORA DE LA ÜLTIMA TRANSACCIÓN

  • campo de control: 20230919104240.0

008 - DATOS DE LONGITUD FIJA

  • campo de control de longitud fija: 230919|| acn||aabn | a|a d

024 7# - OTROS IDENTIFICADORES NORMALIZADOS

  • Fuente: orcid
  • Número normalizado o código: https://orcid.org/0000-0001-5366-5039

040 ## - FUENTE DE CATALOGACIÓN

  • Agencia original de catalogación: MX-MxUPN

100 ## - ENCABEZAMIENTO - NOMBRE PERSONAL

  • Nombre personal: Estay Niculcar, Christian A.

370 ## - LUGAR ASOCIADO

  • Associated country: Ecuador

371 ## - DIRECCIÓN

  • Electronic mail address: estay.niculcar@gmail.com

373 ## - GRUPO ASOCIADO

  • Associated group: Secretaría Nacional de la Administración Pública

670 ## - FUENTE EN LA QUE SE LOCALIZARON DATOS

  • Cita de la fuente: En sitio web: Universitat Politécnica de Catalunya
  • Información localizada: (Estay Niculcar, Christian A.)
  • Uniform Resource Identifier: https://upcommons.upc.edu/handle/2117/98091

902 ## - CATALOGADOR

  • Catalogador: BLSM/190923